| 000 | 01053 a2200193 4500 | ||
|---|---|---|---|
| 003 | Nust | ||
| 005 | 20170207154059.0 | ||
| 020 | _a81-203-1135-3 | ||
| 040 | _cNust | ||
| 082 | _a621.3815 | ||
| 100 | _aMark n. Horentein | ||
| 245 |
_aMicroelectronics Circuits and Devices _cMark N. Horenstein |
||
| 250 | _a2nd ed | ||
| 260 |
_aNew Delhi _bPrintice- Hall _c1996 |
||
| 300 | _a1126p; | ||
| 505 | _a1.Review of Linear Circuits Theory Page No 1, Operational Amplifiers Page No 37, Introduction to Nonlinear Circuits Elements Page No 107, Signal Processing and Conditioning with two Terminal Nonlinear Devices Page No 171,Three Terminal Devices Page No 235, Basic Circuits Containing Three Terminal Devices Page No 313, Analog Amplification Page No369, Differential Amplifiers Page No 477,Frequency Response and time Dependent Circuits Behavior Page No 565, Feedback and Stability Page No 661, Multistage and Power Amplifiers Page No 717, Analog Integrated Circuits Page No 767. | ||
| 538 | _aAlmirah No.25 Shelf No.2 | ||
| 650 | _aTelecommunication Engineering. | ||
| 942 | _cREF | ||
| 999 |
_c193487 _d193487 |
||